00603nam a2200193Ia 4500008004100000020001800041082001600059100002400075245002800099250000700127260004200134300002400176500001900200600002000219650002000239942000700259952012600266999001700392240925s9999 xx 000 0 und d a9781118733363 a332.678 WEI aWiedemer, Robert A. 4aThe Aftershock investor aNA aAustralia:bJohn Wiley & Sonsc,2014. a348p.bNAfOriginal aIncludes Index aSocial Sciences aSocial Sciences cBK 001040708SSaUITUbUITUd2018-12-18eBook Stationg340.00l0o332.678 WEIpQ12573r2024-09-25 07:16:32w2024-09-25yBK c15072d15072